[Event "Almansa op-A"]
[Site "Almansa"]
[Date "2022.08.10"]
[Round "2"]
[White "Garrido Fernandez, Javier"]
[Black "Gavarrete, Nahun"]
[Result "1-0"]
[WhiteElo "2103"]
[BlackElo "2323"]
[PlyCount "85"]
[EventDate "2022.08.10"]
[EventType "swiss"]
[EventRounds "8"]
[EventCountry "ESP"]
[SourceTitle "CBM 210 Extra"]
[Source "ChessBase"]
[SourceDate "2022.11.30"]
[SourceVersion "1"]
[SourceVersionDate "2022.11.30"]
[SourceQuality "1"]

1. e4 c5 2. Nf3 d6 3. d4 cxd4 4. Nxd4 Nf6 5. Nc3 Nc6 6. Bg5 e6 7. f4 Qb6 8. Nb3 Be7 9. Qf3 a6 10. 0-0-0 Qc7 11. Bd3 h6 12. Bh4 g5 13. fxg5 Ne5 14. Qe2 Nfg4 15. h3 hxg5 16. Bg3 Nf6 17. Rhf1 Bd7 18. Kb1 b5 19. a3 Rb8 20. Qd2 Rg8 21. Na2 Nc4 22. Qc3 e5 23. Nd2 Be6 24. Nb4 Nxd2+ 25. Qxd2 Qb7 26. Qe2 g4 27. Bh4 Nh5 28. Bxe7 Kxe7 29. Qd2 a5 30. Bxb5 Qxb5 31. Qxd6+ Ke8 32. c4 Qb6 33. Qxe5 axb4 34. Rd6 Rg5 35. Rxe6+ Qxe6 36. Qxb8+ Ke7 37. Qxb4+ Ke8 38. Qb8+ Ke7 39. Qb4+ Ke8 40. Rd1 Qxe4+ 41. Ka1 Re5 42. Qb8+ Ke7 43. Qd6+ 1-0

[Event "Andalucia-chT Honor Oriental"]
[Site "Andalucia"]
[Date "2018.11.18"]
[Round "7.39"]
[White "Gavilan Diaz, Mario"]
[Black "Garrido Fernandez, Javier"]
[Result "1/2-1/2"]
[WhiteElo "2334"]
[BlackElo "2107"]
[PlyCount "59"]
[EventDate "2018.09.30"]
[EventType "team-tourn"]
[EventRounds "7"]
[EventCountry "ESP"]
[SourceTitle "EXT 2020"]
[Source "ChessBase"]
[SourceDate "2019.10.17"]
[SourceVersion "1"]
[SourceVersionDate "2019.10.17"]
[SourceQuality "1"]
[WhiteTeam "La Trocha Coin"]
[BlackTeam "Roquetas"]
[WhiteTeamCountry "ESP"]
[BlackTeamCountry "ESP"]

1. e4 Nf6 2. e5 Nd5 3. d4 d6 4. c4 Nb6 5. f4 dxe5 6. fxe5 c5 7. d5 e6 8. Nc3 exd5 9. cxd5 c4 10. Nf3 Bb4 11. Bxc4 Bxc3+ 12. bxc3 Nxc4 13. Qa4+ Nd7 14. Qxc4 Nb6 15. Qb5+ Qd7 16. Qxd7+ Bxd7 17. d6 Rc8 18. Bd2 Nc4 19. Bf4 0-0 20. 0-0 h6 21. Rfe1 Rfe8 22. Rab1 b6 23. Nd4 Rc5 24. Nf3 g5 25. Bg3 g4 26. Nd4 Nxe5 27. Rf1 Rd5 28. Rbe1 Kg7 29. c4 Nxc4 30. Rxe8 1/2-1/2

[Event "Andalucia-chT Honor Oriental"]
[Site "Andalucia"]
[Date "2018.10.14"]
[Round "3.34"]
[White "Garrido Fernandez, Javier"]
[Black "Crespo Ruiz, Manuel"]
[Result "0-1"]
[WhiteElo "2107"]
[BlackElo "2026"]
[PlyCount "116"]
[EventDate "2018.09.30"]
[EventType "team-tourn"]
[EventRounds "7"]
[EventCountry "ESP"]
[SourceTitle "EXT 2020"]
[Source "ChessBase"]
[SourceDate "2019.10.17"]
[SourceVersion "1"]
[SourceVersionDate "2019.10.17"]
[SourceQuality "1"]
[WhiteTeam "Roquetas"]
[BlackTeam "Nazari"]
[WhiteTeamCountry "ESP"]
[BlackTeamCountry "ESP"]

1. e4 d5 2. exd5 Qxd5 3. Nc3 Qd6 4. Bc4 Nf6 5. d3 g6 6. Nge2 a6 7. Bf4 e5 8. Bg5 Nbd7 9. Qd2 h6 10. Bh4 Bg7 11. 0-0-0 b5 12. Bb3 Bb7 13. Rde1 0-0 14. Bg3 Qb6 15. f4 exf4 16. Nxf4 Nc5 17. Kb1 Nxb3 18. axb3 Rfe8 19. Bh4 g5 20. Bf2 Rxe1+ 21. Rxe1 Qd6 22. Nfe2 Qxh2 23. Bg3 Qxg2 24. Bxc7 Re8 25. Rg1 Qf2 26. Re1 Qe3 27. Kc1 Nd5 28. Ba5 f5 29. Rf1 f4 30. Ne4 Qxd2+ 31. Bxd2 Bc6 32. N2c3 Nxc3 33. bxc3 Bxe4 34. dxe4 Rxe4 35. b4 Kf7 36. Kb2 Rxb4+ 37. Ka3 Rc4 38. Kb3 Re4 39. Bc1 h5 40. Rh1 Kg6 41. Rd1 Re6 42. Rd5 h4 43. c4 bxc4+ 44. Kxc4 Be5 45. Rd1 Rc6+ 46. Kb3 Rc3+ 47. Kb4 Rxc2 48. Ka5 h3 49. Kxa6 h2 50. Rh1 Bd4 51. Ba3 Ra2 52. Kb5 Rxa3 53. Rxh2 Rc3 54. Rd2 Bf6 55. Kb4 g4 56. Rd6 Rc1 57. Kb3 g3 58. Rd2 Rc3+ 0-1

[Event "ESP-chT CECLUB Div2"]
[Site "Linares"]
[Date "2018.08.17"]
[Round "6.7"]
[White "Garrido Fernandez, Javier"]
[Black "Garcia Jimenez, Santiago"]
[Result "1/2-1/2"]
[WhiteElo "2083"]
[BlackElo "2100"]
[PlyCount "71"]
[EventDate "2018.08.14"]
[EventType "team-swiss"]
[EventRounds "7"]
[EventCountry "ESP"]
[SourceTitle "CBM 186 Extra"]
[Source "ChessBase"]
[SourceDate "2018.08.24"]
[SourceVersion "1"]
[SourceVersionDate "2018.08.24"]
[SourceQuality "1"]
[WhiteTeam "Ajedrez Roquetas"]
[BlackTeam "Oromana Broncesval"]
[WhiteTeamCountry "ESP"]
[BlackTeamCountry "ESP"]

1. e4 c5 2. Nf3 Nc6 3. Nc3 d6 4. d4 cxd4 5. Nxd4 Nf6 6. Bg5 g6 7. Bxf6 exf6 8. Bc4 Bg7 9. 0-0 0-0 10. Ndb5 f5 11. Qxd6 a6 12. Qxd8 Rxd8 13. Nc7 Rb8 14. Rad1 Rxd1 15. Rxd1 Bxc3 16. bxc3 fxe4 17. h3 h5 18. Rd6 Bf5 19. g4 hxg4 20. hxg4 Ne5 21. gxf5 Nxc4 22. Rd4 Nb6 23. fxg6 fxg6 24. Rxe4 Rc8 25. Re8+ Rxe8 26. Nxe8 Nc4 27. Kf1 Kf7 28. Nc7 Nb6 29. c4 Nxc4 30. Ke2 Nb6 31. Kd3 Ke7 32. Kd4 Kd6 33. Ne8+ Ke7 34. Nc7 Kd6 35. Ne8+ Ke7 36. Nc7 1/2-1/2

[Event "Almansa op-A 12th"]
[Site "Almansa"]
[Date "2017.08.04"]
[Round "6"]
[White "Perez Beltran, Salvador"]
[Black "Garrido Fernandez, Javier"]
[Result "0-1"]
[WhiteElo "1908"]
[BlackElo "2093"]
[PlyCount "50"]
[EventDate "2017.08.01"]
[EventType "swiss"]
[EventRounds "9"]
[EventCountry "ESP"]
[SourceTitle "CBM 179 Extra"]
[Source "ChessBase"]
[SourceDate "2017.08.23"]
[SourceVersion "1"]
[SourceVersionDate "2017.08.23"]
[SourceQuality "1"]

1. d4 Nf6 2. Nf3 g6 3. c4 c5 4. d5 b5 5. Qc2 d6 6. e4 bxc4 7. Na3 Bg7 8. Nxc4 0-0 9. Be2 Nbd7 10. 0-0 Nb6 11. Nfd2 e6 12. dxe6 fxe6 13. e5 dxe5 14. Nxe5 Nfd5 15. Nd3 Ba6 16. Ne4 Rc8 17. Ndxc5 Nb4 18. Qd1 Qxd1 19. Bxd1 Bxf1 20. Kxf1 Rc6 21. Bd2 N4d5 22. Be2 Bxb2 23. Rb1 Bd4 24. Bb5 Rxc5 25. Nxc5 Bxc5 0-1

[Event "Andalucia-ch"]
[Site "Lucena"]
[Date "2012.04.30"]
[Round "7"]
[White "Garrido Fernandez, Javier"]
[Black "Garcia Rodriguez, Victor"]
[Result "0-1"]
[WhiteElo "1996"]
[BlackElo "2236"]
[PlyCount "62"]
[EventDate "2012.04.26"]
[EventType "swiss"]
[EventRounds "9"]
[EventCountry "ESP"]
[SourceTitle "EXT 2013"]
[Source "ChessBase"]
[SourceDate "2012.11.22"]
[SourceVersion "1"]
[SourceVersionDate "2012.11.22"]
[SourceQuality "1"]

1. e4 e5 2. Nf3 Nc6 3. Bc4 Bc5 4. b4 Bxb4 5. c3 Be7 6. d4 Bf6 7. 0-0 d6 8. Qb3 exd4 9. Bxf7+ Kf8 10. e5 Nxe5 11. Nxe5 Bxe5 12. f4 Bf6 13. f5 Bd7 14. Bh5 Be8 15. Bf3 Rb8 16. Kh1 Ne7 17. cxd4 Nxf5 18. Bb2 Bf7 19. Qa4 Nh4 20. Nd2 Nxf3 21. Nxf3 h6 22. Rf2 Kg8 23. Qxa7 Kh7 24. Rc1 Bd5 25. Qa5 c6 26. Qa3 Re8 27. Qd3+ Kh8 28. Ba3 Re6 29. Qf5 Qe7 30. Qf4 Bxf3 31. Qxf3 Re3 0-1

[Event "Andalucia-ch"]
[Site "Lucena"]
[Date "2012.04.28"]
[Round "4"]
[White "Aranaz Murillo, Amalia"]
[Black "Garrido Fernandez, Javier"]
[Result "1-0"]
[WhiteElo "2224"]
[BlackElo "1996"]
[PlyCount "101"]
[EventDate "2012.04.26"]
[EventType "swiss"]
[EventRounds "9"]
[EventCountry "ESP"]
[SourceTitle "EXT 2013"]
[Source "ChessBase"]
[SourceDate "2012.11.22"]
[SourceVersion "1"]
[SourceVersionDate "2012.11.22"]
[SourceQuality "1"]

1. Nf3 g6 2. g3 Bg7 3. d4 c5 4. c3 cxd4 5. cxd4 Nf6 6. Bg2 0-0 7. 0-0 d6 8. Nc3 Nc6 9. h3 Bd7 10. e4 Rc8 11. Qe2 a6 12. Rd1 Qa5 13. a3 b5 14. b4 Qd8 15. Bb2 e5 16. dxe5 dxe5 17. Nd5 Re8 18. Qe3 Nxd5 19. Rxd5 Qe7 20. Qb6 Be6 21. Rc5 Nd4 22. Nxd4 exd4 23. Rxc8 Rxc8 24. Bxd4 Bxd4 25. Qxd4 Rd8 26. Qb6 Rd2 27. Qb8+ Rd8 28. Qe5 Qd7 29. h4 Qa7 30. h5 Rd2 31. Qf6 Qd4 32. Qxd4 Rxd4 33. hxg6 hxg6 34. e5 a5 35. Rb1 Bf5 36. Rb2 Rd1+ 37. Kh2 a4 38. Re2 Bd3 39. Re3 Bc4 40. Bf3 Rd2 41. Kg2 Ra2 42. Bc6 Kf8 43. g4 Ke7 44. Kg3 Ke6 45. f4 Ra1 46. Kh4 Rf1 47. Kg5 Rf2 48. Rh3 Ke7 49. Rh8 f6+ 50. exf6+ Kd6 51. Bxb5 1-0